000 00584nam a22001937a 4500
005 20251108164644.0
008 250721s1994 xx 000 0 ara d
082 1 4 _a414/سعد
100 1 _aالسعدني، مصطفى
245 1 0 _aاستاطيقا الإشارة :
_bدراسة بلاغية سيميوطيقية /
264 1 _aالإسكندرية :
_bمنشأة المعارف،
_c1994.
300 _a90ص.
650 1 7 _aاللغة العربية
650 1 7 _aالبلاغة
650 1 7 _aاللغات
650 1 7 _aالتاريخ
942 _2ddc
_cBK
999 _c11077
_d11077